Anglo-russkij politechničeskij slovar' 80.000 terminov

Guardado en:
Detalles Bibliográficos
Formato: Libro
Lenguaje:inglés
ruso
Publicado: Moskva Izdatel'stvo Sovetskaja Enciklopedija 1971
Etiquetas: Agregar Etiqueta
Sin Etiquetas, Sea el primero en etiquetar este registro!

MARC

LEADER 00000nam a2200000 4500
001 c121226
005 20250901111153.1
041 0 |a eng 
041 0 |a rus 
044 |a RU 
245 1 0 |a Anglo-russkij politechničeskij slovar'  |b 80.000 terminov  |c Pod red. A.E. Černuchina 
264 1 |a Moskva  |b Izdatel'stvo Sovetskaja Enciklopedija  |c 1971 
300 |a 671 s.